Computers in your future 3 (Record no. 9989)

000 -LEADER
fixed length control field 00643 a2200205 4500
020 ## - INTERNATIONAL STANDARD BOOK NUMBER
International Standard Book Number 1580760856
040 ## - CATALOGING SOURCE
Original cataloging agency DLC
Language of cataloging DLC
082 00 - DEWEY DECIMAL CLASSIFICATION NUMBER
Classification number 004
100 1# - MAIN ENTRY--PERSONAL NAME
Personal name Meyer, Marilyn Wertheimer.
245 10 - TITLE STATEMENT
Title Computers in your future 3
Statement of responsibility, etc. Marilyn Wertheimer Meyer, Roberta L. Baber, Bryan Pfaffenberger.
246 3# - VARYING FORM OF TITLE
Title proper/short title Computers in your future three
250 ## - EDITION STATEMENT
Edition statement 3rd ed.
260 ## - PUBLICATION, DISTRIBUTION, ETC.
Place of publication, distribution, etc. New York :
Name of publisher, distributor, etc. Prentice Hall,
Date of publication, distribution, etc. c1999.
300 ## - PHYSICAL DESCRIPTION
Extent 1 v. (various pagings) :
Other physical details col. ill. ;
Dimensions 28 cm.
650 #0 - SUBJECT ADDED ENTRY--TOPICAL TERM
Topical term or geographic name entry element Computers.
700 1# - ADDED ENTRY--PERSONAL NAME
Personal name Baber, Roberta L.
700 1# - ADDED ENTRY--PERSONAL NAME
Personal name Pfaffenberger, Bryan,
Dates associated with a name 1949-
700 1# - ADDED ENTRY--PERSONAL NAME
Personal name Meyer, Marilyn Wertheimer.
942 ## - ADDED ENTRY ELEMENTS (KOHA)
Koha item type Book
Call number prefix 004 MEY
Source of classification or shelving scheme
Holdings
Withdrawn status Lost status Damaged status Not for loan Collection code Permanent Location Current Location Shelving location Date acquired Source of acquisition Cost, normal purchase price Full call number Barcode Date last seen Price effective from Koha item type
          NUST Law School (NLS) NUST Law School (NLS) First Floor - Computer Science 12/22/2009 Donation 0.00 004 MEY SEECS009880 11/14/2012 01/05/2017 Book
© 2023 Central Library, National University of Sciences and Technology. All Rights Reserved.